000 01583cas a22004817a 4500
005 20220329142051.0
008 990520d be qr pernn 0 a0b1fre d
010 _a77888
011 _a78860
022 0 _a0303-9099
035 _a88962
245 0 0 _aAnnales de Gembloux
_c/par Association des Ingenieurs
260 0 _aGembloux, Belgique :
_bFaculte des Sciences Agronomiques,
_c1894-
300 _av.
310 _aTrimestral
362 1 _av.83 n.2,1977.
590 _aBATCH-UPD
_b10
_c20130110
_lUCH01
_h0638
590 _aBATCH-UPD
_b10
_c20130410
_lUCH01
_h0322
590 _aBATCH-UPD
_b10
_c20130913
_lUCH01
_h2024
590 _aCONVERSION
_b10
_c20130109
_lUCH01
_h1343
650 1 4 _aAgricultura
_xBélgica
_xPublicaciones periódicas.
_91339
866 _av.30 n.6,8-10 (1924)
866 _av.31 n.2,5 (1925)
866 _av.32 n.2-3,5,9-11 (1926)
866 _av.33 n.2-3,6,11 (1927)
866 _av.34 n.2,5,7,9,11 (1928)
866 _av.35 n.1,3-4,8,11 (1929)
866 _av.36 n.3-12 (1930)
866 _av.37 n.3 (1931)
866 _av.70 n.1 (1964)
866 _av.73 n.3-4 (1967)
866 _av.74 n.1-4 (1968)
866 _av.75 n.1,3-4 (1969)
866 _av.76 n.1-4 (1970)
866 _av.77 n.3-4 (1971)
866 _av.78 n.1-4 (1972)
866 _av.79 n.1-2,4 (1973)
866 _av.80 n.1-3 (1974)
866 _av.81 n.1-2 (1975)
866 _av.83 n.2 (1977)
901 _aSE
905 _aMarco A. Mendoza T.
999 _c77888
_d77888